Statistics for NBA players from all around the world - 2017/18 season

Click here to take the quiz!

General Stats

  • This quiz has been taken 22 times
    (5 since last reset)
  • The average score is 27 of 41

Answer Stats

Country Player Team(s) % Correct
CameroonJoel Embiid76ers
100%
AustraliaBen Simmons76ers
100%
NigeriaAl-Farouq AminuTrail Blazers
100%
ArgentinaManu GinobiliSpurs
100%
CameroonPascal SiakamRaptors
100%
Dominican Rep.Al HorfordCeltics
100%
New ZealandSteven AdamsThunder
100%
Australia/South SudanThon MakerBucks
80%
AustraliaPatty MillsSpurs
80%
AustraliaJoe InglesJazz
80%
BahamasBuddy HieldKings
80%
CanadaJamal MurrayNuggets
80%
BrazilCristiano FelicioBulls
80%
BrazilNenê HilarioRockets
80%
SenegalGorgui DiengTimberwolves
80%
AustraliaDante ExumJazz
80%
Puerto RicoJ.J. BareaMavericks
80%
AustraliaAndrew BogutLakers
80%
CanadaAndrew WigginsTimberwolves
80%
CanadaTristan ThompsonCavaliers
60%
ChinaZhou QiRockets
60%
CanadaKelly OlynykHeat
60%
D.R. CongoBismack BiyomboMagic
60%
TunisiaSalah MejriMavericks
60%
CanadaDillon BrooksGrizzlies
60%
BrazilRaul NetoJazz
60%
BrazilBruno CabocloRaptors
60%
AustraliaMatthew DellavedovaBucks
60%
AustraliaAron BaynesCeltics
60%
EgyptAbdel NaderCeltics
60%
MaliCheick DialloPelicans
40%
HaitiSkal LabissièreKings
40%
ArgentinaNicolas BrussinoHawks
40%
D.R. CongoEmmanuel MudiayNuggets
40%
CanadaNik Stauskas76ers
40%
CanadaTrey LylesNuggets
40%
CanadaCory JosephPacers
40%
CameroonLuc Mbah A MouteRockets
40%
BrazilLucas NogueiraRaptors
40%
CanadaTyler EnnisLakers
40%
CanadaDwight PowellMavericks
20%

Score Distribution

Percentile by Number Answered

Percent of People with Each Score

Your Score History

You have not taken this quiz since the last reset